Catalog

Record Details

Catalog Search



Orientalia Antiqua Nova IV. : [sborník z mezinárodního vědeckého kolokvia, konaného v Plzni dne 12. února 2004] / editoři Ivo Budil, Petr Charvát

Record details

  • ISBN: 80-86473-81-3
  • Physical Description: 134 s. : il.
  • Publisher: Plzeň : Vydavatelství a nakladatelství Aleš Čeněk, 2004

Content descriptions

Bibliography, etc. Note:
Obsahuje bibliografie a bibliografické odkazy.
Language Note:
Část. anglické resumé

Available copies

  • 1 of 1 copy available at Common Catalog SPOK.

Holds

  • 0 current holds with 1 total copy.
Show All Copies
Location Call Number / Copy Notes Barcode Shelving Location Status Due Date
Terezin Initiative Institute 5162 4594305162 Knihovna ITI Available -

LDR 01551nam a22003974a 4500
00127540
003CZ-PrJAB
00520221012121518.0
008120329s2004 xr gr ||| 0|cze d
020 . ‡a80-86473-81-3
035 . ‡a(CONS)2360
035 . ‡a(CZ PrSKC)000968705
035 . ‡a(OCoLC)85117471
040 . ‡aABA007 ‡bcze
0410 . ‡acze ‡beng
080 . ‡a94(5-15) ‡2MRF
080 . ‡a316.72/.75 ‡2MRF
080 . ‡a(062.534) ‡2MRF
080 . ‡a80(5/6)+908(5/6) ‡2MRF
24500. ‡aOrientalia Antiqua Nova IV. : ‡b[sborník z mezinárodního vědeckého kolokvia, konaného v Plzni dne 12. února 2004] / ‡ceditoři Ivo Budil, Petr Charvát
260 . ‡aPlzeň : ‡bVydavatelství a nakladatelství Aleš Čeněk, ‡c2004
300 . ‡a134 s. : ‡bil.
504 . ‡aObsahuje bibliografie a bibliografické odkazy.
546 . ‡aČást. anglické resumé
7001 . ‡aBudil, Ivo T., ‡d1965- ‡7jo20010087104 ‡4edt
7001 . ‡aCharvát, Petr, ‡d1949- ‡7jn20000400382 ‡4edt
7102 . ‡aZápadočeská univerzita. ‡bKatedra antropologie ‡7kn20041124007
7112 . ‡aOrientalia Antiqua Nova ‡n(4. : ‡d2004 : ‡cPlzeň, Česko) ‡7kn20041124006
8524 . ‡bJACH-ITI ‡bJACH-ITI ‡cKnihovna ITI ‡j5162 ‡p5162 ‡y$0.00
910 . ‡aABE340 ‡b5162
995 . ‡askok
901 . ‡a27540 ‡bISxN ‡c27540 ‡tbiblio

Additional Resources